The US labour market for new graduates

Αποθηκεύτηκε σε:
Λεπτομέρειες βιβλιογραφικής εγγραφής
Κύριος συγγραφέας: Court, G. (Gill)
Άλλοι συγγραφείς: Connor, Helen
Μορφή: Βιβλίο
Γλώσσα:English
Δημοσίευση: Brighton : Institute of Manpower Studies, c1994
Σειρά:Report (Institute for Employment Studies) ; 267
Θέματα:
Ετικέτες: Προσθήκη ετικέτας
Δεν υπάρχουν, Καταχωρήστε ετικέτα πρώτοι!

MARC

LEADER 00000nam a2200000 i 4500
001 1/94705
008 991130s1994 eng d
020 |a 185184192X 
035 |l 10054946 
040 |a GR-MY-UA  |b gre  |e aacr 
041 0 |a eng 
082 0 |a 331.7020973 
100 1 |a Court, G.  |q (Gill) 
245 1 4 |a The US labour market for new graduates /  |c Gill Court, Helen Connor 
260 |a Brighton :   |b Institute of Manpower Studies,   |c c1994 
300 |a xiv, 111 p.;  |c 30 cm. 
490 1 |a Report  |v ; 267 
504 |a Includes bibliography 
650 0 0 |a College graduates  |x Employment  |z United States. 
650 0 0 |a Education, Higher  |z United States. 
650 0 0 |a Labor supply  |x Effect of education on  |z United States. 
650 0 0 |a Labor market  |z United States. 
700 1 |a Connor, Helen. 
830 0 |a Report (Institute for Employment Studies)  |v ; 267 
852 |a INST  |b LESVOS  |e 19991130  |h 331.7020973 COU  |p 005100021306  |q 005100021306  |t BK  |y 0 
901 |a BIBL1-2000-2 
909 |a Λ  |b 06641 
922 |a 1ΕΛΗ  |b 199907  |c ΚΠΣ/ΤΚ  |d ΠΑΠΑΣΩΤΗΡΙΟΥ 
950 |a 103-1998-07-27 
970 |z 2000/05/ΜΙΧΑΗΛΙΔΟΥ ΑΝΝΑ